Sociedad civil y participación en Cuba: 1era parte /
El trabajo somete a análisis la problemática de la sociedad civil y la sociedad política desde el punto de vista filosófico-social y sus connotaciones para las primeras décadas de la Revolución Cubana. El autor propone un cuadro de la compleja y específica dialéctica sociedad civil-sociedad política...
Spremljeno u:
| Glavni autor: | |
|---|---|
| Format: | Nepoznato |
| Jezik: | Spanish |
| Teme: | |
| Oznake: |
Dodaj oznaku
Bez oznaka, Budi prvi tko označuje ovaj zapis!
|
MARC
| LEADER | 00000 a2200000 04500 | ||
|---|---|---|---|
| 001 | 33798 | ||
| 003 | cru IIS | ||
| 005 | 20220323124046.0 | ||
| 008 | 220323b |||||||| |||| 00| 0 spa d | ||
| 040 | |c cru IIS | ||
| 100 | 1 | |9 10332 |a Limia David, Miguel |e Autor | |
| 245 | 1 | |a Sociedad civil y participación en Cuba: |b 1era parte / |c Miguel Limia David | |
| 300 | |a páginas 37-70 | ||
| 520 | |a El trabajo somete a análisis la problemática de la sociedad civil y la sociedad política desde el punto de vista filosófico-social y sus connotaciones para las primeras décadas de la Revolución Cubana. El autor propone un cuadro de la compleja y específica dialéctica sociedad civil-sociedad política a partir del asunto del modo de participación popular | ||
| 650 | 0 | |a SOCIEDAD CIVIL |9 2091 | |
| 650 | 0 | |a PARTICIPACION SOCIAL |9 2125 | |
| 650 | 0 | |a PARTICIPACION DEL ESTADO |9 4132 | |
| 650 | 0 | |a HISTORIA POLITICA |9 3694 | |
| 650 | 0 | |a SOCIALISMO |9 2097 | |
| 650 | 0 | |a REVOLUCION |9 137 | |
| 651 | 4 | |9 1846 |a CUBA | |
| 942 | |2 ddc |c PP | ||
| 999 | |c 13742 |d 13742 | ||
| 773 | 0 | |0 44155 |9 6783 |d La Habana : Academia de Ciencias de Cuba. Universidad de La Habana. Instituto de Filosofía |o 00444 |t Revista Cubana de Ciencias Sociales/ | |
